| 000 | 00481nam a22001697a 4500 | ||
|---|---|---|---|
| 003 | BD-ChCU | ||
| 005 | 20260408110055.0 | ||
| 008 | 260408b bg ||||| |||| 00| 0 ben d | ||
| 040 | _cBD-ChCU | ||
| 082 | _a550 THS | ||
| 100 |
_aThorarinsson , Sigurdur. _921379 |
||
| 245 |
_aSurtsey : _bthe new island in the North Atlantic ./ _cSigurdur , Thorarinsson . |
||
| 260 |
_aNew York : _bViking press , _cC 1966 |
||
| 300 | _a53p. | ||
| 650 | 0 |
_aGeology . _921381 |
|
| 942 |
_2ddc _cBK _n0 |
||
| 999 |
_c112150 _d112150 |
||